000
00249 a2200097 4500
001
12847
100
_a
Geradin, M
245
_a
Mechanical Vibrations:Theory and application to structural dynamics
260
_a
_b
John Willey
_c
090
_c
9830
_d
9830
942
_a
NUST-CAE
_c
M
_c
36745
999
_c
247920
_d
247920